Una peregrinación a través de las calles de Santiago

Na minha lista:
Detalhes bibliográficos
Autor principal: Vicuña Mackenna, Benjamín, 1831-1886 (Autor)
Formato: Livro
Idioma:espanhol
Publicado em: Santiago Los Andes 2001
Edição:3a. ed
coleção:Releyendo a Chile
Assuntos:
Tags: Adicionar Tag
Sem tags, seja o primeiro a adicionar uma tag!

MARC

LEADER 00000nam a2200000 a 4500
001 UCM7746
003 CL-VaPUC
008 030110e20010000CL |||||||||||||||||spa|d
082 0 4 |a 983.315  |b VIC  |2 21 
100 |a Vicuña Mackenna, Benjamín,  |d 1831-1886  |x Político e historiador   |z Chile   |e author  |9 374 
245 1 4 |a Una peregrinación a través de las calles de Santiago 
250 |a 3a. ed 
300 |a 41 p 
942 |c BK 
945 |d 20030110 00:00:00  |a cmena 
260 |a Santiago  |b Los Andes  |c 2001 
650 0 |a Ciudades  |9 265474 
650 0 |a Historia de Santiago  |9 471648 
650 0 |a Planificación urbana   |9 258176 
650 7 |a DESARROLLO URBANO  |2 CL-VaPUC  |9 473378 
583 |a last modification  |c 20030110 00:00:00  |k Rodrigo Vera 
490 0 |a Releyendo a Chile 
999 |c 302429  |d 302427 
952 |0 0  |1 0  |4 0  |6 983_315000000000000_VIC_2001  |7 0  |8 A  |9 363009  |a BIBHIS  |b BIBHIS  |d 2019-11-21  |i 3858685  |o 983.315 VIC 2001  |p 3858685  |r 2025-01-20  |w 2019-11-21  |y BK  |k HIS